Alle straatnamen Groningen - Statistieken

Algemene statistieken
  • Deze quiz is 28 keer genomen
  • De gemiddelde score is 49 van 1511
Antwoordstatistieken
Antwoord % Correct
Grote Markt
67%
Kerkstraat
47%
Herestraat
40%
Vismarkt
40%
Akerkhof
33%
De Laan
33%
Hoekstraat
33%
Ra
33%
Beatrixstraat
27%
Broerstraat
27%
Damsterdiep
27%
Diamantlaan
27%
Gedempte Zuiderdiep
27%
Hardewikerstraat
27%
Nieuwe Ebbingestraat
27%
Noorderhaven
27%
Oude Ebbingestraat
27%
Schoolstraat
27%
Stationsstraat
27%
Westerhaven
27%
Brugstraat
20%
Coehoornsingel
20%
Eikenlaan
20%
Emmaplein
20%
Friesestraatweg
20%
Hereplein
20%
Hereweg
20%
Hoge der A
20%
Julianastraat
20%
Korreweg
20%
Metaallaan
20%
Nieuwe Markt
20%
Oostersingel
20%
Oude Boteringestraat
20%
Oude Kijk in 't Jatstraat
20%
Peizerweg
20%
Praediniussingel
20%
Smaragdstraat
20%
Spilsluizen
20%
Tuinstraat
20%
Verlengde Hereweg
20%
Visserstraat
20%
Westersingel
20%
Zaagmuldersweg
20%
Zonnelaan
20%
Achter de Muur
13%
Agricolastraat
13%
Akerkstraat
13%
Aquamarijnstraat
13%
Astraat
13%
Bedumerweg
13%
Bessemoerstraat
13%
Beukenlaan
13%
Bleekveld
13%
Blekerstraat
13%
Boeg
13%
Borneoplein
13%
Bornholmstraat
13%
Boterdiep
13%
Briljantstraat
13%
Carolieweg
13%
De Held
13%
Eeldersingel
13%
Emmastraat
13%
Europaweg
13%
Folkingestraat
13%
Gelkingestraat
13%
Goudlaan
13%
Gregoriusstraat
13%
Griffeweg
13%
Haddingestraat
13%
Hamburgerstraat
13%
Hanzeplein
13%
Helperplein
13%
Helperzoom
13%
Het Hout
13%
Hoendiep
13%
Hofstraat
13%
Hoogstraat
13%
Jacobijnerstraat
13%
J.C. Kapteynlaan
13%
Kajuit
13%
Kerklaan
13%
Koningsweg
13%
Kortestraat
13%
Kraneweg
13%
Laan Corpus den Hoorn
13%
Langestraat
13%
Leegeweg
13%
Lodewijkstraat
13%
Lopendediep
13%
Lübeckweg
13%
Marktstraat
13%
Martinikerkhof
13%
Mast
13%
Melkweg
13%
Mercuriusstraat
13%
Munnekeholm
13%
Muurstraat
13%
Nassauplein
13%
Nieuwstad
13%
Noorderstationsstraat
13%
Oliemuldersweg
13%
Oosterhaven
13%
Oosterkade
13%
Oosterstraat
13%
Oranjestraat
13%
Overwinningsplein
13%
Papengang
13%
Parklaan
13%
Parkweg
13%
Paterswoldseweg
13%
Patrijspoort
13%
Pelsterstraat
13%
Peperstraat
13%
Planetenlaan
13%
Pleiadenlaan
13%
Plutolaan
13%
Poelestraat
13%
Poststraat
13%
Prinsesseweg
13%
Rademarkt
13%
Robijnstraat
13%
Rodeweeshuisstraat
13%
Rodeweg
13%
Roer
13%
Schuitendiep
13%
Sint Jansstraat
13%
Sontplein
13%
Sontweg
13%
Stationsweg
13%
Steentilstraat
13%
Sumatralaan
13%
Torenstraat
13%
Tuinbouwstraat
13%
Turfstraat
13%
Turftorenstraat
13%
Ubbo Emmiussingel
13%
Ubbo Emmiusstraat
13%
Venuslaan
13%
Verlengde Oosterstraat
13%
Verlengde Visserstraat
13%
Vestdijklaan
13%
Vinkenstraat
13%
Vishoek
13%
Vondellaan
13%
Waagplein
13%
Waagstraat
13%
Wilgenlaan
13%
Willemstraat
13%
Zijlvesterweg
13%
Zwaan
13%
Zwanestraat
13%
Abeelstraat
7%
Abraham Kuyperlaan
7%
Acacialaan
7%
Admiraal de Ruyterlaan
7%
Aduarderdiepsterweg
7%
A. Jacobsstraat
7%
Akkerstraat
7%
Alexanderstraat
7%
Allersmastraat
7%
Aluminiumstraat
7%
Amalia van Solmsstraat
7%
Ambonstraat
7%
Amethiststraat
7%
Amstelstraat
7%
Anjelierstraat
7%
Anker
7%
Anna Blamanstraat
7%
Antwerpenweg
7%
Apoortenmolendrift
7%
Arminiusstraat
7%
Arubastraat
7%
Arwerd
7%
Asingastraat
7%
Atjehstraat
7%
Augustinusstraat
7%
Aweg
7%
Babbelaar
7%
Bakemastraat
7%
Balistraat
7%
Balkgat
7%
Barthstraat
7%
Barwerd
7%
Bataviastraat
7%
Bedumerstraat
7%
Bergstraat
7%
Berilstraat
7%
Berkelstraat
7%
Bernardusstraat
7%
Bernoulliplein
7%
Bieslookstraat
7%
Bij de Sluis
7%
Billitonstraat
7%
Blauwborgje
7%
Bloemsingel
7%
Bloemstraat
7%
Bocht van Guinea
7%
Bonairestraat
7%
Bonhoefferstraat
7%
Bordewijklaan
7%
Boteringeplaats
7%
Bottelroosstraat
7%
Bouwerd
7%
Brandenburgerstraat
7%
Bruine Ruiterstraat
7%
Bunderriet
7%
Burchtstraat
7%
Calvijnstraat
7%
Campinglaan
7%
Celebesstraat
7%
Clausstraat
7%
Colijnlaan
7%
Concourslaan
7%
Couperusstraat
7%
Crematoriumlaan
7%
Curaçaostraat
7%
Damsport
7%
De Cockstraat
7%
Dek
7%
Deliplein
7%
Dierenriemstraat
7%
Dieselstraat
7%
Dijkstraat
7%
Donderslaan
7%
Donkersgang
7%
Drewerd
7%
Driehovenstraat
7%
Driemolendrift
7%
Dwarsstraat
7%
Eckhartstraat
7%
Edelsteenlaan
7%
Eekwerd
7%
Eelswerd
7%
Eendrachtskade
7%
Eerste Spoorstraat
7%
Elzenlaan
7%
Emmasingel
7%
Engelberterweg
7%
Engelenpoortje
7%
Esserweg
7%
Euvelgunnerweg
7%
Eyssoniusplein
7%
Eyssoniusstraat
7%
Feldwerd
7%
Florakade
7%
Floresplein
7%
Floresstraat
7%
Fruitstraat
7%
Gaaikemadijk
7%
Ganzevoortsingel
7%
Gasthuisstraatje
7%
Gdanskweg
7%
Gedempte Kattendiep
7%
Gerbrand Bakkerstraat
7%
Geulstraat
7%
Goeman Borgesiuslaan
7%
Gomarusstraat
7%
Gorechtkade
7%
Gotenburgweg
7%
Grachtstraat
7%
Gratamastraat
7%
Groenhof
7%
Grote Beerstraat
7%
Grote Leliestraat
7%
Grote Rozenstraat
7%
Guldenstraat
7%
Hans Lodeizenstraat
7%
Hans Tetznerlaan
7%
Havenstraat
7%
Heemwerd
7%
Helper Oostsingel
7%
Helper Westsingel
7%
Helsinkistraat
7%
Helwerd
7%
Hendrikstraat
7%
Henriëtte Roland Holststraat
7%
Herebinnensingel
7%
Heresingel
7%
Herman Colleniusstraat
7%
Het Roege Bos
7%
Hoogeweg
7%
Hoornsediep
7%
Hora Siccamasingel
7%
Iepenlaan
7%
IJsselstraat
7%
Jacob Schorerstraat
7%
Jacobstraat
7%
Jacob van Hattumstraat
7%
Jadestraat
7%
Jakob Israël de Haanstraat
7%
James Baldwinstraat
7%
Javalaan
7%
Joeswerd
7%
Johan Ellenbergerstraat
7%
Johan van Zwedenlaan
7%
Josine Reulingstraat
7%
Jozef Israëlsplein
7%
Jozef Israëlsstraat
7%
Jukwerd
7%
Julianaweg
7%
Jupiterstraat
7%
Kalverstraat
7%
Kamerlingh Onnesstraat
7%
Kattenhage
7%
Kenwerd
7%
Klaprooslaan
7%
Kleine Badstraat
7%
Kleine Beer
7%
Kleine der A
7%
Kleine Haddingestraat
7%
Kleine Leliestraat
7%
Kleine Pelsterstraat
7%
Kleine Rozenstraat
7%
Kleiwerd
7%
Kliefdiep
7%
Klooslaan
7%
Kloosterstraat
7%
Kombuis
7%
Koninginnelaan
7%
Kopenhagenstraat
7%
Koperstraat
7%
Korenstraat
7%
Kortenaerstraat
7%
Kreupelstraat
7%
Kromme Riet
7%
Kruitlaan
7%
Kwinkenplein
7%
Laan 1940-1945
7%
Laan van de Vrede
7%
Lage der A
7%
Langezijde
7%
Lavendelweg
7%
Leeuwarderstraat
7%
Lekstraat
7%
Leonard Springerlaan
7%
Linnaeusplein
7%
Lissabonstraat
7%
Loefzijde
7%
Lutherstraat
7%
Lutkenieuwstraat
7%
Maaslaan
7%
Magna Petestraat
7%
Magnesiumlaan
7%
Magnusstraat
7%
Malmöweg
7%
Maresiusstraat
7%
Marsmanlaan
7%
Marsstraat
7%
Mauritsstraat
7%
Meeuwerderweg
7%
Melisseweg
7%
Merelstraat
7%
Merwedestraat
7%
Meteoorstraat
7%
Middelberterweg
7%
Mispellaan
7%
Moesstraat
7%
Möllerstraat
7%
Mondriaanstraat
7%
Muntinglaan
7%
Museumstraat
7%
Mussengang
7%
Nachtegaalstraat
7%
Nassaulaan
7%
Nassaustraat
7%
Natalie Barneykade
7%
Neptunusstraat
7%
Niek Engelschmanstraat
7%
Nieuwe Boteringestraat
7%
Nieuwe Kerkhof
7%
Nieuwe Kijk in 't Jatstraat
7%
Nieuweweg
7%
Nieuwstraat
7%
Nijenborgh
7%
Nijhofflaan
7%
Noodweg
7%
Noorderbinnensingel
7%
Noorderbuitensingel
7%
Noorderstraat
7%
Okswerd
7%
Oliemulderstraat
7%
Oosterhamrikkade
7%
Oosterhamriklaan
7%
Opaalstraat
7%
Oppenheimstraat
7%
Orionlaan
7%
Oscar Wildestraat
7%
Osloweg
7%
Ossenmarkt
7%
Oude Riet
7%
Oudeweg
7%
Padangstraat
7%
Paddepoelsterweg
7%
Papiermolenlaan
7%
Paradijsvogelstraat
7%
Parallelweg
7%
Paramaribostraat
7%
Paulus Potterstraat
7%
Petrus Campersingel
7%
Pijpstraat
7%
Pioenstraat
7%
Plantsoenstraat
7%
Poortstraat
7%
Pop Dijkemaweg
7%
Pottebakkersrijge
7%
Prinsenstraat
7%
Raamstraat
7%
Radesingel
7%
Radiumstraat
7%
Rechteind
7%
Reitdiephaven
7%
Reitdiepskade
7%
Reitemakersrijge
7%
Rembrandt van Rijnstraat
7%
Rigaweg
7%
Rijnstraat
7%
Romerostraat
7%
Rostockweg
7%
Sabangplein
7%
Saffierstraat
7%
Saturnuslaan
7%
Schaaksport
7%
Schoolholm
7%
Selwerderdwarsstraat
7%
Selwerderstraat
7%
Senneroog
7%
Siersteenlaan
7%
Simonsstraat
7%
Singelweg
7%
Sledemennerstraat
7%
Slenk
7%
Sluiskade
7%
Soephuisstraatje
7%
Solwerd
7%
Sophiastraat
7%
Speldemakersgang
7%
Spijksterriet
7%
Star Numanstraat
7%
Stationsplein
7%
Stephensonstraat
7%
Stockholmstraat
7%
Stuurboordswal
7%
Surinamestraat
7%
Taco Mesdagplein
7%
Taco Mesdagstraat
7%
Tallinnweg
7%
Thorbeckelaan
7%
Tillichstraat
7%
Tjariet
7%
Topaasstraat
7%
Trompstraat
7%
Tuikwerd
7%
Tulpstraat
7%
Turfsingel
7%
Turkooisstraat
7%
Tussen beide Markten
7%
Tweede Spoorstraat
7%
Uranusstraat
7%
Uurwerkersgang
7%
Van Ketwich Verschuurlaan
7%
Van Lenneplaan
7%
Van Speykstraat
7%
Vechtstraat
7%
Verzetsstrijderslaan
7%
Violenstraat
7%
Vlasstraat
7%
Vlinderbalg
7%
Voermanstraat
7%
Voetiusstraat
7%
Vondelpad
7%
Vrydemalaan
7%
Wadwerd
7%
Walstraat
7%
Weegschaalstraat
7%
Weeshuisgang
7%
Wegalaan
7%
Weiwerd
7%
Werfstraat
7%
Westerbinnensingel
7%
Westerhavenstraat
7%
Westerkade
7%
West-Indischekade
7%
Wielewaalplein
7%
Wimpel
7%
Winschoterdiep
7%
Wipstraat
7%
Witte de Withstraat
7%
Woldweg
7%
Wouter van Doeverenplein
7%
Zaanstraat
7%
Zandsteenlaan
7%
Zernikelaan
7%
Zernikeplein
7%
Zijlsterried
7%
Zilverlaan
7%
Zonland
7%
Zuiderpark
7%
Zuidersingel
7%
Zuiderweg
7%
Zwarteweg
7%
Zwinglistraat
7%
16 Aprillaan
0%
1e Drift Ged. Zuiderdiep
0%
2e Drift Ged. Zuiderdiep
0%
Aagje Dekenstraat
0%
Aalborgweg
0%
Aalscholver
0%
Aarhusweg
0%
Aart van der Leeuwlaan
0%
Abel Tasmanplein
0%
Abel Tasmanstraat
0%
Achterberglaan
0%
Achter de Wal
0%
Achterweg
0%
Adelheidstraat
0%
Adriaan Pauwstraat
0%
Adriaan van Ostadestraat
0%
Aduarderstraat
0%
Agaatstraat
0%
Agnetapark
0%
A.J. Lutulistraat
0%
Akeleiweg
0%
Albert Hahnlaan
0%
Albertine Agnesplein
0%
Albertine Agnesstraat
0%
Albertstraat
0%
Albrondaheerd
0%
Aldebaranstraat
0%
Almastraat
0%
Amkemaheerd
0%
A. Morostraat
0%
Anemoonstraat
0%
Anna Paulownastraat
0%
Annastraat
0%
Anselmusstraat
0%
Antaresstraat
0%
Antillenstraat
0%
Antonius Deusinglaan
0%
Antoon Coolenlaan
0%
A.P. Fokkerstraat
0%
Appie Groenlaan
0%
Arduinlaan
0%
Arendalweg
0%
Arteveldestraat
0%
Asterstraat
0%
Atensheerd
0%
Atoomweg
0%
Avondsterlaan
0%
Azaleapad
0%
Baanstraat
0%
Bachkade
0%
Badhuisplein
0%
Baken
0%
Bandoengstraat
0%
Bankastraat
0%
Barestraat
0%
Barkmolenstraat
0%
Barkstraat
0%
Barmaheerd
0%
Barnsteenstraat
0%
Basaltstraat
0%
Bastion
0%
Beckerweg
0%
Beethovenlaan
0%
Begoniastraat
0%
Beijumerweg
0%
Bekemaheerd
0%
Belcamposingel
0%
Beneluxweg
0%
Bentismaheerd
0%
Ben Walrechtstraat
0%
Beren
0%
Bergkristalstraat
0%
Berkenlaan
0%
Berlageweg
0%
Bernhardlaan
0%
Beswerd
0%
Betje Wolffstraat
0%
Beuckemaborg
0%
Bezettingslaan
0%
Bieskemaar
0%
Bijvoetstraat
0%
Bilderdijklaan
0%
Billitonplein
0%
Bleekersgang
0%
Blekerslaan
0%
Bloedkoraalstraat
0%
Bloemersmaborg
0%
Boeiersingel
0%
Boekenlaan
0%
Boekweitstraat
0%
Boelemaheerd
0%
Boerhaavelaan
0%
Boermandestraat
0%
Bolder
0%
Boraxstraat
0%
Borgplein
0%
Borgsloot
0%
Borgwal
0%
Borgweg
0%
Bosboom-Toussaintstraat
0%
Bosch van Rosenthalstraat
0%
Boteringesingel
0%
Botermolendrift
0%
Bottemaheerd
0%
Boumaboulevard
0%
Boumanstraat
0%
Boutenspad
0%
Bovenstreek
0%
Brederostraat
0%
Breedeborg
0%
Breitnerstraat
0%
Bremenweg
0%
Bremstraat
0%
Brinklaan
0%
Brouwerstraat
0%
Bruilweering
0%
B.S.F. von Suttnerstraat
0%
Bunnemaheerd
0%
Burg. G. van Barneveldstraat
0%
Burg. S. Gockingastraat
0%
Butjesstraat
0%
Buysstraat
0%
Camphuysenstraat
0%
Canadalaan
0%
Capellastraat
0%
Cardiffweg
0%
Cascadeplein
0%
Castorstraat
0%
Centaurstraat
0%
Ceramstraat
0%
C.G. Wichmannstraat
0%
Chopinlaan
0%
C.H. Petersstraat
0%
Christinastraat
0%
C. Jetsesstraat
0%
Claremaheerd
0%
Coendershaag
0%
Coendersweg
0%
Concordiastraat
0%
Coranthijnestraat
0%
Coronastraat
0%
Cortinghlaan
0%
Cortinghpoort
0%
Cort van der Lindenlaan
0%
Courtine
0%
C. Pothuisstraat
0%
Crocusstraat
0%
Crouwelstraat
0%
Cubastraat
0%
Cuxhavenweg
0%
Cuypersweg
0%
Da Costastraat
0%
Dahliastraat
0%
Damsterkade
0%
Damsterplein
0%
Damstersingel
0%
Damsterwaard
0%
Daniël Ruynemanlaan
0%
Davidstraat
0%
D.D. Eisenhowerstraat
0%
De Bazelstraat
0%
De Brink
0%
De Bunders
0%
De Deimten
0%
De Fok
0%
De Genestetstraat
0%
De Hallen
0%
De Hoogte
0%
De Kaai
0%
De Klerkstraat
0%
De Koegangen
0%
De Kring
0%
De Larix
0%
Delistraat
0%
De Mérodelaan
0%
De Mudden
0%
De Ploeglaan
0%
Deportatiestraat
0%
De Ranitzstraat
0%
Derde Drift Lopendediep
0%
De Sanstraat
0%
De Savornin Lohmanlaan
0%
De Savornin Lohmanplein
0%
De Schans
0%
De Sitterstraat
0%
De Verbetering
0%
De Vriendschap
0%
De Vries Lamstraat
0%
De Waard
0%
De Zaayer
0%
D.H.A.C. Hammarskjöldstraat
0%
Diephuisstraat
0%
Dillenburglaan
0%
Dirk Huizingastraat
0%
Distributiestraat
0%
Dolomietstraat
0%
Domela Nieuwenhuislaan
0%
Doornbosheerd
0%
Dorus Rijkersstraat
0%
Draakstraat
0%
Dragonstraat
0%
Drakesteijnstraat
0%
Dr. C. Hofstede de Grootkade
0%
Dr. D. Bosstraat
0%
Drentselaan
0%
Driebondsweg
0%
Droppingsveld
0%
D. Smidstraat
0%
Dublinweg
0%
Dudoklaan
0%
Duikerstraat
0%
Duindoornstraat
0%
Duinkerkenstraat
0%
Dukdalf
0%
Du Perronlaan
0%
Duurswoldlaan
0%
Ebbingedwinger
0%
Edzemaheerd
0%
Eelderstraat
0%
Eelkemastraat
0%
Eemsgolaan
0%
Eemskanaal
0%
Eemswaard
0%
Eenhoornstraat
0%
Eenrumermaar
0%
Eerste Drift Spilsluizen
0%
Eerste Hunzestraat
0%
E.G. Balchstraat
0%
Egbert Reitsmalaan
0%
Egersundweg
0%
Eglantierstraat
0%
Eilardaheerd
0%
Einthovenlaan
0%
Ekke Kleimastraat
0%
Electronstraat
0%
Ellensmolen
0%
Elmersmastraat
0%
Elsschotlaan
0%
Emdenweg
0%
Emingaheerd
0%
Energieweg
0%
Engelse Kamp
0%
Engelse Park
0%
Entensgang
0%
Eridanusstraat
0%
Ernst Casimirlaan
0%
Esdoornlaan
0%
Espad
0%
Esserhaag
0%
Esserlaan
0%
E. Thomassen à Thuessinklaan
0%
Evert Harm Woltersweg
0%
Expositielaan
0%
Fabriekslaan
0%
F.C. de Hossonstraat
0%
F.D. Rooseveltstraat
0%
Felix Timmermanslaan
0%
Fitterij
0%
Fivelgolaan
0%
Fivelstraat
0%
Flamingokade
0%
Flankeurspoort
0%
F. Leggerstraat
0%
Flemingstraat
0%
Flensburgweg
0%
Folkingedwarsstraat
0%
Fongersplaats
0%
Fossemaheerd
0%
Framaheerd
0%
Frans van Mierisstraat
0%
Frederiksplein
0%
Frederikstraat
0%
Froukemaheerd
0%
Fuchsiahof
0%
Fultsemaheerd
0%
Gabriëlstraat
0%
Galenuslaan
0%
Galkemaheerd
0%
Gangboord
0%
Ganzebloemstraat
0%
G.C. Marshallstraat
0%
Geerten Gossaertlaan
0%
Gelderse Roosstraat
0%
Gentiaanstraat
0%
George Martensstraat
0%
Geraniumhof
0%
Gerard Doustraat
0%
Gerard Revelaan
0%
Gerard ter Borghstraat
0%
Gerststraat
0%
Getij
0%
Geuzenkamp
0%
Gezellelaan
0%
Gideonweg
0%
Gijzelaarslaan
0%
G.J. Boekhovenstraat
0%
G. Meirstraat
0%
Godekenheerd
0%
Golfslag
0%
Gorterlaan
0%
Goudenregenplein
0%
Goudenregenstraat
0%
Goudsbloemstraat
0%
G. Pirestraat
0%
Graaf Adolfstraat
0%
Granietstraat
0%
Granpré Molièreweg
0%
Graspad
0%
Greinerstraat
0%
Grevingaheerd
0%
Groenendaal
0%
Groenesteinlaan
0%
Groen van Prinstererlaan
0%
Grondzijl
0%
Groningerweg
0%
Grootzeil
0%
Grote Appelstraat
0%
Grote Kromme Elleboog
0%
Grote Kruisstraat
0%
Grouwelerie
0%
Grunostraat
0%
Grutmolen
0%
Grutto
0%
G. Sterringastraat
0%
Guyotplein
0%
Gymnasiumstraat
0%
Haddingedwarsstraat
0%
Hagedisstraat
0%
Hagepreekkamp
0%
H.A. Kooykerplein
0%
Halmstraat
0%
Hammerfestweg
0%
Hanckemaborg
0%
Händellaan
0%
Harkstederweg
0%
Harm Buiterplein
0%
Haverkampsdrift
0%
Haverplein
0%
Haydnlaan
0%
Hazelaarstraat
0%
Heerdenpad
0%
Heesterlaan
0%
Heesterpoort
0%
Heijplaat
0%
Hein Leemhuisstraat
0%
Heinsiusstraat
0%
Hélène Swarthlaan
0%
Helper Brink
0%
Helper Esweg
0%
Helper Kerkstraat
0%
Helperlinie
0%
Helper Molenstraat
0%
Helperpark
0%
Helperveste
0%
Helper Weststraat
0%
Helsingborgweg
0%
Hendrik de Vriesstraat
0%
Hendrik Johan Melgersstraat
0%
Hendrik Lofversstraat
0%
Henk Cornelisstraat
0%
Henk Plenterlaan
0%
Henri Dunantlaan
0%
Heratemaheerd
0%
Herehof
0%
Herepoortenmolendrift
0%
Hermanstraat
0%
Herningweg
0%
Het Lansink
0%
Het Roege Pad
0%
Het Want
0%
Heymanslaan
0%
Hiddemaheerd
0%
Hilghepad
0%
Hippocrateslaan
0%
H.L. Wichersstraat
0%
H.N. Werkmanstraat
0%
Hoendiepskade
0%
Holmsterheerd
0%
Holtstek
0%
Hondsruglaan
0%
Hooghoudtstraat
0%
Hoorniklaan
0%
Hoornsedijk
0%
Hornstraat
0%
Hortensialaan
0%
Houtzagersstraat
0%
Houwerzijlstraat
0%
Hovenstraat
0%
H. Ridderstraat
0%
H.S. Trumanstraat
0%
Humsterlandlaan
0%
Hunsingolaan
0%
Huygensstraat
0%
H.W. Mesdagplein
0%
H.W. Mesdagstraat
0%
Hyacinthstraat
0%
Hyadenpad
0%
Hylkemaheerd
0%
Idastraat
0%
Illegaliteitslaan
0%
Ina Boudierplantsoen
0%
Industriestraat
0%
Invasiestraat
0%
Irenestraat
0%
Irislaan
0%
Isebrandtsheerd
0%
Jaagpad
0%
Jacob Catsstraat
0%
Jacob van Ruysdaelstraat
0%
Jacques Perkstraat
0%
J.A. de Bree-Meijerstr
0%
J.A. Feithstraat
0%
Jaltadaheerd
0%
James Wattstraat
0%
Jan Bulthuisstraat
0%
Jan Ensinglaan
0%
Jan Goeverneurstraat
0%
Jan Groningerstraat
0%
Jan Hissink Jansenstraat
0%
Jan Lutmastraat
0%
Jan Steenstraat
0%
Jan van der Zeestraat
0%
Jan van Galenstraat
0%
Jan van Goyenstraat
0%
Jan Wiegersweg
0%
Jan Wolkerslaan
0%
Jasmijnpad
0%
Jaspisstraat
0%
J. Baart de la Faillestraat
0%
Jennerstraat
0%
Jensemaheerd
0%
Jeverweg
0%
J.F. Kennedystraat
0%
J.H. Diemerstraat
0%
J.H. Egenbergerstraat
0%
J.M. den Uylstraat
0%
Joachim Altinghstraat
0%
Job Hansenstraat
0%
Johan de Wittstraat
0%
Johan Dijkstralaan
0%
Johannes Mulderstraat
0%
Johannes Vermeerstraat
0%
Johann Faberlaan
0%
Johan Willem Frisostraat
0%
Jolstraat
0%
Jonkerstraat
0%
Jordensstraat
0%
Juliana van Stolbergstraat
0%
Jullensstraat
0%
J. Wagenaarstraat
0%
K. Adenauerstraat
0%
Kadijk
0%
Kaliumstraat
0%
Kalmarweg
0%
Kalmoesstraat
0%
Kamerlingheplein
0%
Kamilleweg
0%
Kamperfoeliestraat
0%
Kamplaan
0%
Kapelleveld
0%
Kardingermaar
0%
Kardingerplein
0%
Kardingerweg
0%
Kaskinenweg
0%
Kastanjelaan
0%
Kattegat
0%
K. de Vriezestraat
0%
Kempkensberg
0%
Kervelpad
0%
Kiel
0%
Kieler Bocht
0%
Kievitstraat
0%
Klaas Buistlaan
0%
Klaas Schipperlaan
0%
Kleine Appelstraat
0%
Kleine Bergstraat
0%
Kleine Brandenburgerstraat
0%
Kleine Butjesstraat
0%
Kleine Gelkingestraat
0%
Kleine Grachtstraat
0%
Kleine Kromme Elleboog
0%
Kleine Kruisstraat
0%
Kleine Molenstraat
0%
Kleine Peperstraat
0%
Kleine Raamstraat
0%
Kleine Sophiastraat
0%
Kleine Steentilstraat
0%
Klinkerstraat
0%
Kluisgat
0%
Kluiverboom
0%
Kobaltstraat
0%
Kochstraat
0%
Koekoekplein
0%
Koeriersterweg
0%
Koerspad
0%
Koldingweg
0%
Kolendrift
0%
Kolendwarsstraat
0%
Kolfstraat
0%
Kometenstraat
0%
Kooiweg
0%
Koolstraat
0%
Korenbloemstraat
0%
Korianderweg
0%
Kornalijnlaan
0%
Kornoeljestraat
0%
Korte Nieuwstraat
0%
Kostersgang
0%
Kotterstraat
0%
Kraaienest
0%
Kraanvogelstraat
0%
Kramerstraat
0%
Kremersheerd
0%
Kromhoutstraat
0%
Kruissingel
0%
Kruitgracht
0%
Kuifeend
0%
Kwartsstraat
0%
Kweldergras
0%
Kwintlaan
0%
Laan van de Vrijheid
0%
Lamsoor
0%
Landleven
0%
Landsteinerlaan
0%
Landstraat
0%
Langewoldlaan
0%
Laskwerd
0%
Laurierstraat
0%
Lauwersstraat
0%
L.B. Pearsonstraat
0%
Leeuwenburgstraat
0%
Leisteenstraat
0%
Leningradweg
0%
Leopoldlaan
0%
Lepelaar
0%
Lichtboei
0%
Lierstraat
0%
Lijnbaanstraat
0%
Lijsterbeslaan
0%
Lijzijde
0%
Lindenhof
0%
Lindenlaan
0%
Lingestraat
0%
Lintdal
0%
Lintweg
0%
Liverpoolweg
0%
L.J. Zielstraweg
0%
L.M. van Noppenstraat
0%
Londenweg
0%
Loopplank
0%
Loppersummergang
0%
Lorentzstraat
0%
Louise Henriettestraat
0%
Ludemaborg
0%
Lunettenhof
0%
Luykenstraat
0%
Maaskantlaan
0%
Madame Curiestraat
0%
Madeliefstraat
0%
Madoerastraat
0%
Magnoliastraat
0%
Maisstraat
0%
Maluslaan
0%
Manchesterweg
0%
Mangaanstraat
0%
Marcellus Emantslaan
0%
Maria Dermoutlaan
0%
Marjoleinstraat
0%
Marmerstraat
0%
Marnelaan
0%
Marowijnestraat
0%
Martenstraat
0%
Marwixhof
0%
Marwixkade
0%
Marwixstraat
0%
Matsloot
0%
Mauritsdwarsstraat
0%
Medanstraat
0%
Meerpaal
0%
Meeuwerderbaan
0%
Meidoornpad
0%
Meindert Hobbemastraat
0%
Melsemaheerd
0%
Menadostraat
0%
Menkemaheerd
0%
Mergelstraat
0%
Merkelbachstraat
0%
Mezenplein
0%
Middenstraat
0%
Middenweg
0%
Midscheeps
0%
Mimosastraat
0%
M.K. Gandhiplein
0%
M.L. Kingstraat
0%
Moddermanlaan
0%
Moermanskweg
0%
Moeskersgang
0%
Molenstreek
0%
Molukkenstraat
0%
Monnikhof
0%
Mooiland
0%
Morgensterlaan
0%
Mozartstraat
0%
Mudaheerd
0%
Mulock Houwerlaan
0%
Multatulistraat
0%
Munsterheerd
0%
Museumeiland
0%
Mutua Fidesstraat
0%
M. Wibautstraat
0%
Naberstraat
0%
Nadorstplein
0%
Narcisstraat
0%
Narvikweg
0%
Natriumstraat
0%
Nettelbosje
0%
Neutronstraat
0%
Nico Bulderstraat
0%
Nicolaas Beetsstraat
0%
Nico Rostlaan
0%
Nieuwe Blekerstraat
0%
Nieuwendam
0%
Nieuwe Sint Jansstraat
0%
Nijensteinheerd
0%
Nijverheidsplein
0%
Nolenslaan
0%
Noorddijkerplein
0%
Noorddijkerweg
0%
Noorderdwarsstraat
0%
Noorderkerkstraat
0%
Noorderkroonstraat
0%
Noorderspoorsingel
0%
Odenseweg
0%
Oeverkruid
0%
Oldambtlaan
0%
Olgerweg
0%
Onderduikersstraat
0%
Onnemaheerd
0%
Onyxstraat
0%
Ooftstraat
0%
Oostendeweg
0%
Ooster Badstraat
0%
Oosterhamrikbaan
0%
Oosterhavenstraat
0%
Oostersingeldwarsstraat
0%
Oostersluisweg
0%
Oosterweg
0%
Oostzaan
0%
Oranjesingel
0%
Orchideestraat
0%
Ossehoederstraat
0%
Otto Bonsemalaan
0%
Otto Eerelmanstraat
0%
Oude Adorperweg
0%
Oude Roodehaansterweg
0%
Oude Stationsweg
0%
Overloop
0%
Palembangstraat
0%
Palmslag
0%
Paracelsusstraat
0%
Parelstraat
0%
Parkallee
0%
Park Selwerd
0%
Parkzijde
0%
Pasteurlaan
0%
Paulus Lamanstraat
0%
Pausgang
0%
Paviljoenlaan
0%
P.C. Hooftlaan
0%
Pedaalpad
0%
Pegasusstraat
0%
Pelikaanstraat
0%
Pelsterdwarsstraat
0%
Perseusstraat
0%
Petrus Driessenstraat
0%
Petrus Hendrikszstraat
0%
Phebensstraat
0%
Piccardtlaan
0%
Piet de Koestraat
0%
Piet Fransenlaan
0%
Piet Heinstraat
0%
Pimpernelstraat
0%
P.J. Noël Bakerstraat
0%
Platinalaan
0%
Pluimerstraat
0%
Polderstraat
0%
Polluxstraat
0%
Polmanstraat
0%
Poolsterlaan
0%
Poortersplein
0%
Populierenlaan
0%
Porfierstraat
0%
Potgieterstraat
0%
Prinses Margrietstraat
0%
Professor Enno Dirk Wiersmastraat
0%
Professor Rankestraat
0%
Protonstraat
0%
Prunusstraat
0%
P. Waijerstraat
0%
Pyrietstraat
0%
Queridolaan
0%
Quintuslaan
0%
Rabenhauptstraat
0%
Radebinnensingel
0%
Radijsstraat
0%
Ranonkelstraat
0%
R. Doumastraat
0%
Reddingiusweg
0%
Redoute
0%
Regattaweg
0%
Regentessestraat
0%
Reggestraat
0%
Regulusstraat
0%
Reiderlandlaan
0%
Reigerstraat
0%
Reinautstraat
0%
Reling
0%
Rengersstraat
0%
Rensumaheerd
0%
Resedastraat
0%
Reviusstraat
0%
R. Feithplein
0%
Ribesstraat
0%
Riekele Prinsstraat
0%
Rietgans
0%
Rietveldlaan
0%
Rijksweg
0%
Rijskampenstraat
0%
Riouwstraat
0%
Ripperdalaan
0%
Rivierenhof
0%
Rode Kruislaan
0%
Roderwolderdijk
0%
Roelofsstraat
0%
Roerdomp
0%
Roggeplein
0%
Rollen
0%
Roskildeweg
0%
Rotterdammerstraatje
0%
Rouaanstraat
0%
Rozemarijnstraat
0%
Rozenburglaan
0%
R. Schumanstraat
0%
Rubensstraat
0%
Ruischerwaard
0%
Ruiterstraat
0%
R. Vosstraat
0%
Saaksumborg
0%
Sabastraat
0%
Sabotagelaan
0%
S. Allendeplein
0%
Scandinaviëweg
0%
Schaepmanlaan
0%
Schaperstraat
0%
Schefferstraat
0%
Scheldestraat
0%
Schelfhoutstraat
0%
Scheltemaheerd
0%
Schoenerstraat
0%
Schorpioenstraat
0%
Schorsmolenstraat
0%
Schouwstraat
0%
Schubertlaan
0%
Schuitemakersstraat
0%
Schweitzerlaan
0%
Semarangstraat
0%
Semmelweisstraat
0%
Seringenhof
0%
Sibrandaheerd
0%
Siebold Sissinghlaan
0%
Siemensstraat
0%
Sijgersmaheerd
0%
Silkeborgweg
0%
Singelstraat
0%
Sint Eustatiusstraat
0%
Sint Lucasstraat
0%
Sint Maartenstraat
0%
Sint-Petersburgweg
0%
Sint Walburgstraat
0%
Siriusstraat
0%
Skagerrak
0%
Slachthuisstraat
0%
Slauerhofflaan
0%
Sloep
0%
Smalstraat
0%
Smirnoffstraat
0%
Snelliusstraat
0%
Snikkevaardersgang
0%
Snip
0%
Snor Damsterdiep
0%
Soendastraat
0%
Soerabajastraat
0%
S.O.J. Palmelaan
0%
Spaanse Aakstraat
0%
Spaarnestraat
0%
Speenkruidstraat
0%
Spicastraat
0%
Spieghelstraat
0%
Spinelstraat
0%
Spirealaan
0%
Sportlaan
0%
Sprikkenburg
0%
S.S. Rosensteinlaan
0%
Stadhouderslaan
0%
Stadspark
0%
Stadsweg
0%
Stalstraat
0%
Stamstraat
0%
Staringstraat
0%
Stavangerweg
0%
Stedumermaar
0%
Steenbokstraat
0%
Steenhouwerskade
0%
Steentilkade
0%
Steiger
0%
Sterrebosstraat
0%
Stettinweg
0%
Stinsstraat
0%
Stoeldraaierstraat
0%
Stoepemaheerd
0%
Stokroosplein
0%
Strausslaan
0%
Streuvelslaan
0%
Struisvogelstraat
0%
Studentenlaan
0%
Stuurhut
0%
Suikerlaan
0%
Sweelincklaan
0%
Sylviuslaan
0%
Tarralaan
0%
Tarweplein
0%
Tellegenstraat
0%
Ten Oeverlaan
0%
Ter Borchlaan
0%
Ter Braaklaan
0%
Terdelt
0%
Theodorus Niemeyerstraat
0%
Thomsonstraat
0%
Timorstraat
0%
Timpweg
0%
Tjaberingsstraat
0%
Tjalkstraat
0%
Tjardaweg
0%
Tjerk Bolhuisstraat
0%
't Klooster
0%
Tonkensstraat
0%
Tonny van Leeuwenlaan
0%
Top Naefflaan
0%
Toppingaheerd
0%
Tormentilstraat
0%
Toxopeusstraat
0%
Travertijnstraat
0%
Tressenplaats
0%
Troelstralaan
0%
Trompkade
0%
Trompsingel
0%
Trondheimweg
0%
Tuinbouwdwarsstraat
0%
Tweede Drift Spilsluizen
0%
Tweede Hunzestraat
0%
Tweede Willemstraat
0%
T.W.S. Mansholtstraat
0%
Ubbegalaan
0%
Ulgersmaweg
0%
Uppsalaweg
0%
U.T. Delfiaweg
0%
Uurwerkersplein
0%
Vaargeul
0%
Valeriaanstraat
0%
Valreep
0%
Van Brakelplein
0%
Van den Broekstraat
0%
Van der Doesstraat
0%
Van der Hoopstraat
0%
Van der Vlugtstraat
0%
Van der Waalsstraat
0%
Van de Woestijnelaan
0%
Van Deyssellaan
0%
Van Doesburgstraat
0%
Van Drielstlaan
0%
Van Eedenstraat
0%
Van Eesterenlaan
0%
Van Elmptstraat
0%
Van Ewsumstraat
0%
Van Eyckstraat
0%
Van Goghstraat
0%
Van Hamelstraat
0%
Van Heemskerckstraat
0%
Van Houtenlaan
0%
Van Iddekingeweg
0%
Van Imhoffstraat
0%
Van Ittersumstraat
0%
Van Julsinghastraat
0%
Van Kerckhoffstraat
0%
Van Ketwich Verschuurbrug
0%
Van Leeuwenhoekstraat
0%
Van Loghemstraat
0%
Van Moerkerkenlaan
0%
Van Oldenbarneveltlaan
0%
Van Panhuysstraat
0%
Van Ravesteynpad
0%
Van Royenlaan
0%
Van Schendelstraat
0%
Van Sijsenplaats
0%
Van Sijsenstraat
0%
Van Slingelandtstraat
0%
Van Starkenborghstraat
0%
Van Swietenlaan
0%
Van Swietenplein
0%
Van Swinderenstraat
0%
Van Tijenstraat
0%
Van Wassenaerstraat
0%
Vasalislaan
0%
Veemarktstraat
0%
Veenhof
0%
Veenweg
0%
Veldspaatstraat
0%
Veldstraat
0%
Verbindingsstraat
0%
Verlengde Bremenweg
0%
Verlengde Frederikstraat
0%
Verlengde Grachtstraat
0%
Verlengde J. A. Feithstraat
0%
Verlengde Lodewijkstraat
0%
Verlengde Meeuwerderweg
0%
Verlengde Nieuwstraat
0%
Verlengde Oosterweg
0%
Verlengde Willemstraat
0%
Verlengde Winschoterdiep
0%
Verweystraat
0%
Viaductstraat
0%
Vierde Drift Noorderhaven
0%
Vijfde Drift Noorderhaven
0%
Vindicatstraat
0%
Violenhof
0%
Virulystraat
0%
Vlierstraat
0%
Voermanhaven
0%
Vogelkersstraat
0%
Vooronder
0%
Voor 't voormalig klein Poortje
0%
Vredelust
0%
Vredewoldlaan
0%
Vrijdal
0%
Vuursteenstraat
0%
Wagnersingel
0%
Waldeck-Pyrmontplein
0%
Waldeck-Pyrmontstraat
0%
Wallegang
0%
Warmoesstraat
0%
Wasaweg
0%
W.A. Scholtenstraat
0%
Wassenberghstraat
0%
Waterhoen
0%
Waterhuizen
0%
Waterland
0%
Waterloolaan
0%
Watermanstraat
0%
W. Dreesstraat
0%
Wenckebachlaan
0%
Werumeus Buningstraat
0%
Wester Badstraat
0%
Westerseweg
0%
Westerwoldelaan
0%
Westinghousestraat
0%
W.F. Bathoornstraat
0%
Wibenaheerd
0%
Wijdeveldstraat
0%
Wijnruitstraat
0%
Wilgenpad
0%
Wilhelminakade
0%
Wilhelmshavenweg
0%
Wilkemaheerd
0%
Willem-Alexanderstraat
0%
Willem Barentzstraat
0%
Willem de Zwijgerstraat
0%
Willem Frederik Hermanslaan
0%
Willem Reindersstraat
0%
Willem Valkstraat
0%
Wilsstraat
0%
Wingerdhoek
0%
Winschoterkade
0%
Winschoterweg
0%
Winsumerweg
0%
Wismarweg
0%
Witlattenstraat
0%
W.L.S. Churchillstraat
0%
Wobbe Hendrik Alkemastraat
0%
Wolddijk
0%
Woldjerspoorweg
0%
Wolfsklauwstraat
0%
Woonschepenhaven
0%
Ypemaheerd
0%
Ypenmolendrift
0%
Zagerij
0%
Zeedistel
0%
Zeewinde
0%
Zernikepark
0%
Zilverhof
0%
Zilvermeer
0%
Zonnebloemstraat
0%
Zoutstraat
0%
Zuiderkerkstraat
0%
Zuiderkruislaan
0%
Zuiderkuipen
0%
Zuilen
0%
Zwanebloemstraat
0%
Geen overeenkomende quizzen gevonden
Scoreverdeling
Procent van Mensen met Elke Score
Percentiel versus Aantal Correcte Antwoorden
Uw Scoregeschiedenis
U heeft deze quiz nog niet genomen